000 00541nam a2200169 i 4500
001 83447
003 ES-MaACL
005 20230906174828.0
007 t|
008 041116s1934 cl ||||1| spa d
100 1 _aIrisarri, Antonio José de.
_965479
245 1 0 _aEscritos polémicos /
_cAntonio José de Irisarri ; prólogo, selección y notas de Ricardo Donoso.
260 _aSantiago de Chile :
_b[s.n.,
_c1934] (
_fImp. Universitaria)
300 _a448 p. ;
_c23 cm.
700 1 _aDonoso, Ricardo.
_945339
852 _aES-MaACL
_jA-3651
999 _c83447
_d83447